000 00271nam a22001337a 4500
999 _c54984
_d54984
008 200204b ||||| |||| 00| 0 eng d
041 _aeng
080 _a043.3
082 _2043.3
100 _a0
101 _aBTH
245 _aTerrorizmi
_cGegaj,E
942 _2udc
_cBK